000 01028cab a2200277 4500
001 WB2942-34
008 090401t1993 xxu||||| |||| 00| 0 eng d
035 _a(Sirsi) u67676
041 _aeng
245 _aEC human rights ruling on planning issue
260 _c1993
350 _a0
490 _aIndependent
_v10 November 1993, 23(2)
520 _aThe builder of barns lost an appeal at a planning inquiry against a demolition order with no opportunity to take a case to the High Court. The European Court of Human Rights found that this lack of opportunity breached Article 6 of the European Convention on Human Rights.
650 _aCHESHIRE
650 _aDEMOLITION
650 _aCONVENTION FOR THE PROTECTION OF HUMAN RIGHTS AND FUNDAMENTAL FREEDOMS
650 _aEUROPEAN COURT OF HUMAN RIGHTS
650 _aHIGHER WHITLEY
650 _aPERMITTED DEVELOPMENT
650 _aPLANNING INQUIRIES
650 _aRIGHT OF APPEAL
690 _aPLANNING LAW AND PRACTICE
942 _n0
948 _c04/03/1997
999 _c42365
_d42365